| 000 | 00413cam a2200169 4500 | ||
|---|---|---|---|
| 001 | D13210 | ||
| 008 | 090401t1955 xxu||||| |||| 00| 0 eng d | ||
| 035 | _a(Sirsi) u8450 | ||
| 041 | _aeng | ||
| 100 | _aLawrance, David M | ||
| 245 | 2 | _aA guide to the Town and Country Planning Act, 1954 | |
| 260 |
_aLondon _bEstates Gazette _c1955 |
||
| 350 | _a0 | ||
| 520 | _aShelf 118 | ||
| 942 | _n0 | ||
| 948 | _c04/03/1997 | ||
| 999 |
_c86514 _d86514 |
||